[Event "4NCL Division 2a"]
[Site "De Vere, Staverton Park ENG"]
[Date "2013.01.12"]
[Round "3.17"]
[White "Mort, Andrew J"]
[Black "Nitz, Tomos"]
[Result "0-1"]
[WhiteElo "2021"]
[BlackElo "2122"]
[PlyCount "80"]
[EventDate "2013.01.12"]
[WhiteTeam "Spirit of Atticus"]
[BlackTeam "Oxford 1"]

1. c4 g6 2. g3 Bg7 3. Bg2 c5 4. Nc3 Nc6 5. a3 d6 6. e4 e6 7. Nge2 Nge7 8. O-O
O-O 9. Rb1 Nd4 10. d3 a5 11. Nxd4 cxd4 12. Ne2 Rb8 13. Bg5 h6 14. Bd2 b5 15. b3
Bd7 16. Qe1 a4 17. Ba5 Qc8 18. Qd2 axb3 19. cxb5 Bxb5 20. Rxb3 Qa6 21. Bb4 Rfd8
22. Rfb1 Nc6 23. Nc1 Ba4 24. R3b2 Rb6 25. Bf1 Ne5 26. Be2 Rdb8 27. f4 Nd7 28.
Bd1 Nc5 29. Bxc5 Rxb2 30. Rxb2 Rxb2 31. Qxb2 dxc5 32. Bxa4 Qxa4 33. Qb3 Qa5 34.
Qb2 Qe1+ 35. Kg2 c4 36. dxc4 d3 37. Qb8+ Kh7 38. Nxd3 Qxe4+ 39. Kh3 Qxd3 40.
Qb4 Qf1+ 0-1

[Event "4NCL Division 2a"]
[Site "De Vere, Staverton Park ENG"]
[Date "2013.01.12"]
[Round "3.18"]
[White "Ehr, Jennifer"]
[Black "Robertson, David J"]
[Result "0-1"]
[WhiteElo "1595"]
[BlackElo "1939"]
[PlyCount "74"]
[EventDate "2013.01.12"]
[WhiteTeam "Oxford 1"]
[BlackTeam "Spirit of Atticus"]

1. e4 c5 2. Nf3 e6 3. b3 Nc6 4. Bb2 Qc7 5. c4 Nge7 6. d4 cxd4 7. Nxd4 Ng6 8.
Nxc6 bxc6 9. g3 e5 10. Bg2 Be7 11. O-O O-O 12. Nc3 d6 13. Qd2 Be6 14. Ne2 Rad8
15. Rad1 f5 16. exf5 Bxf5 17. Bc3 Qc8 18. Ba5 Rd7 19. Qb2 Rb7 20. Be1 Qc7 21.
Nc3 Rbb8 22. Bd2 Bd3 23. Rfe1 Bxc4 24. Rc1 Qd7 25. Qc2 Be6 26. Ne4 Rbc8 27. Be3
Bf5 28. Qe2 Rfd8 29. Red1 d5 30. Nc5 Bxc5 31. Bxc5 e4 32. f3 exf3 33. Bxf3 Re8
34. Qf2 Ne5 35. Be2 Be4 36. Bd4 Rf8 37. Qe1 Qh3 0-1

[Event "4NCL Division 2a"]
[Site "De Vere, Staverton Park ENG"]
[Date "2013.01.12"]
[Round "3.21"]
[White "Slaby, Jerzy"]
[Black "Taylor, Adam A"]
[Result "1-0"]
[WhiteElo "2476"]
[BlackElo "1917"]
[PlyCount "37"]
[EventDate "2013.01.12"]
[WhiteTeam "Pandora's Box Grantham"]
[BlackTeam "e2e4.org.uk 2"]

1. c4 c5 2. g3 Nc6 3. Bg2 g6 4. Nc3 Bg7 5. a3 e5 6. b4 d6 7. e3 Nge7 8. Nge2
O-O 9. O-O Be6 10. d3 cxb4 11. axb4 d5 12. b5 Nb8 13. Ba3 a6 14. Bxe7 Qxe7 15.
Nxd5 Qc5 16. Nec3 f5 17. b6 e4 18. Nc7 Bxc3 19. Nxe6 1-0

[Event "4NCL Division 2a"]
[Site "De Vere, Staverton Park ENG"]
[Date "2013.01.12"]
[Round "3.22"]
[White "Horspool, Philip J"]
[Black "Crouch, Colin S"]
[Result "1/2-1/2"]
[WhiteElo "2008"]
[BlackElo "2388"]
[PlyCount "150"]
[EventDate "2013.01.12"]
[WhiteTeam "e2e4.org.uk 2"]
[BlackTeam "Pandora's Box Grantham"]

1. e4 e5 2. Nf3 Nc6 3. Bb5 Nf6 4. Qe2 d6 5. c3 Be7 6. O-O O-O 7. Rd1 Re8 8. d3
Bd7 9. a3 h6 10. Bc4 Bf8 11. Nbd2 Nh5 12. Nf1 Nf4 13. Bxf4 exf4 14. Qc2 Bg4 15.
N1d2 Bh5 16. Re1 Ne5 17. Nxe5 dxe5 18. b4 Qf6 19. f3 b5 20. Ba2 Rad8 21. Nb3
Rd6 22. Red1 Ra6 23. Qb2 Qh4 24. Na5 Rg6 25. Qf2 Qxf2+ 26. Kxf2 c5 27. Bd5 Rc8
28. Rdc1 Be7 29. Kf1 Rb6 30. Rab1 Kf8 31. c4 f6 32. cxb5 Rxb5 33. a4 Rb6 34. b5
Be8 35. Ke2 Bd7 36. Nc4 Rbb8 37. Na5 f5 38. Bb7 Rc7 39. Bd5 fxe4 40. dxe4 Rb6
41. Nc4 Rg6 42. Kf1 Rg5 43. Rc2 Rc8 44. a5 Rb8 45. Rcb2 Bd8 46. a6 Bb6 47. Bb7
Rg6 48. Rd2 Be8 49. Nxe5 Re6 50. Nc4 Ke7 51. Rd5 Rd8 52. Nxb6 Rxb6 53. Rxc5 Rd2
54. Bc6 Bf7 55. Rcc1 Ba2 56. Ra1 Bb3 57. Rc3 Be6 58. Rac1 g5 59. R3c2 Rd4 60.
Ke1 Rb4 61. Rd2 Rb8 62. h3 Kf6 63. Rcc2 Rb1+ 64. Kf2 Ra1 65. Bd5 Bd7 66. Bc6
Be6 67. Bb7 Ra5 68. Rc5 Re8 69. Bd5 Bxd5 70. Rdxd5 Ra2+ 71. Kf1 Re7 72. Rc6+
Kg7 73. Rdd6 Ra5 74. Rd5 Ra2 75. Rc4 Kf6 1/2-1/2

[Event "4NCL Division 2a"]
[Site "De Vere, Staverton Park ENG"]
[Date "2013.01.12"]
[Round "3.23"]
[White "Ross, Chris N"]
[Black "Fernandez, Michael H"]
[Result "1-0"]
[WhiteElo "2247"]
[BlackElo "1842"]
[PlyCount "73"]
[EventDate "2013.01.12"]
[WhiteTeam "Pandora's Box Grantham"]
[BlackTeam "e2e4.org.uk 2"]

1. d4 Nf6 2. Nf3 c5 3. d5 e6 4. c4 exd5 5. cxd5 d6 6. Nc3 g6 7. e4 Bg7 8. h3 a6
9. a4 b6 10. Bd3 O-O 11. O-O Ne8 12. Re1 Nc7 13. Bf4 Re8 14. Qd2 Bb7 15. Bc4 f6
16. Bg3 Kh8 17. Rad1 Qe7 18. Nh2 Nd7 19. f4 Qf8 20. Nf3 Rab8 21. Qd3 f5 22. e5
dxe5 23. fxe5 f4 24. e6 fxg3 25. exd7 Rxe1+ 26. Rxe1 Qd6 27. Ng5 Qxd7 28. d6
Bd4+ 29. Kh1 Rf8 30. Qxg3 b5 31. axb5 axb5 32. Nxb5 Bd5 33. Bxd5 Nxb5 34. Ne6
Rf6 35. Nxd4 Nxd4 36. Qg5 Qd8 37. Re8+ 1-0

[Event "4NCL Division 2a"]
[Site "De Vere, Staverton Park ENG"]
[Date "2013.01.12"]
[Round "3.24"]
[White "Ireland, David J"]
[Black "Batchelor, Peter J"]
[Result "0-1"]
[WhiteElo "1939"]
[BlackElo "2142"]
[PlyCount "56"]
[EventDate "2013.01.12"]
[WhiteTeam "e2e4.org.uk 2"]
[BlackTeam "Pandora's Box Grantham"]

1. e4 c6 2. d4 d5 3. exd5 cxd5 4. c4 Nf6 5. Nc3 Nc6 6. Nf3 Bg4 7. cxd5 Nxd5 8.
Qb3 Bxf3 9. gxf3 e6 10. Qxb7 Nxd4 11. Bb5+ Nxb5 12. Qc6+ Ke7 13. Qxb5 Qd7 14.
Nxd5+ Qxd5 15. Qxd5 exd5 16. b4 Ke6 17. Rb1 Bd6 18. Be3 Rhc8 19. Kd2 Rc4 20. b5
d4 21. Bg5 Kf5 22. Bh4 Bf4+ 23. Kd3 Rc3+ 24. Ke2 d3+ 25. Kf1 d2 26. Bg3 Rc1+
27. Ke2 Re8+ 28. Kd3 Ree1 0-1

[Event "4NCL Division 2a"]
[Site "De Vere, Staverton Park ENG"]
[Date "2013.01.12"]
[Round "3.25"]
[White "Burrows, Martin P"]
[Black "Nwachukwu, Chino"]
[Result "1-0"]
[WhiteElo "2153"]
[BlackElo "1962"]
[PlyCount "123"]
[EventDate "2013.01.12"]
[WhiteTeam "Pandora's Box Grantham"]
[BlackTeam "e2e4.org.uk 2"]

1. e4 c5 2. Nf3 d6 3. d4 cxd4 4. Nxd4 Nf6 5. Nc3 a6 6. Bc4 e6 7. O-O Be7 8. Bb3
O-O 9. a4 b6 10. f4 Qc7 11. f5 e5 12. Nde2 Bb7 13. Ng3 Nbd7 14. Bg5 h6 15. Bxf6
Nxf6 16. Nh5 Rac8 17. Kh1 Qc5 18. Bd5 Bxd5 19. Nxf6+ Bxf6 20. exd5 Qb4 21. Ra3
Rc4 22. Rb3 Qc5 23. Qd3 Qd4 24. Re1 Rb8 25. Re4 Qxd3 26. cxd3 Rd4 27. Rxd4 exd4
28. Ne4 Be5 29. Nd2 Kf8 30. Nc4 b5 31. Na5 Ke8 32. Nc6 Rb7 33. Kg1 Kd7 34. Kf2
Kc7 35. axb5 Rxb5 36. Rxb5 axb5 37. h3 Kb6 38. Kf3 b4 39. b3 Kc5 40. Ke4 Bf6
41. Nb8 Bh4 42. Na6+ Kb5 43. Nc7+ Kc5 44. Ne8 g6 45. fxg6 fxg6 46. g4 Bg5 47.
Ng7 Bf6 48. Ne6+ Kb6 49. Nf8 Kc7 50. Nxg6 Kd7 51. Kf5 Bg7 52. Nf4 Ke7 53. Kg6
Bf6 54. Ne6 Be5 55. Ng7 Kf8 56. Nf5 h5 57. Kxh5 Kf7 58. g5 Kg8 59. Kg6 Kh8 60.
Kf7 Kh7 61. g6+ Kh8 62. g7+ 1-0

[Event "4NCL Division 2a"]
[Site "De Vere, Staverton Park ENG"]
[Date "2013.01.12"]
[Round "3.26"]
[White "Webster, Richard J"]
[Black "Mangione, Claudio"]
[Result "0-1"]
[WhiteElo "1977"]
[BlackElo "2098"]
[PlyCount "50"]
[EventDate "2013.01.12"]
[WhiteTeam "e2e4.org.uk 2"]
[BlackTeam "Pandora's Box Grantham"]

1. e4 g6 2. d4 d6 3. Nc3 a6 4. Be3 b5 5. h4 Bb7 6. f3 Nf6 7. Qd2 Nbd7 8. Nh3 c5
9. Ne2 Nb6 10. Ng3 cxd4 11. Bxd4 e5 12. Be3 d5 13. O-O-O Qc7 14. Qa5 d4 15. Bg5
Nfd7 16. Qe1 Rc8 17. Bd3 Nc4 18. Kb1 h5 19. Bc1 Nc5 20. f4 Bh6 21. Qf2 Ne3 22.
Bxe3 dxe3 23. Qxe3 exf4 24. Qd4 O-O 25. Ne2 Bg7 0-1

[Event "4NCL Division 2a"]
[Site "De Vere, Staverton Park ENG"]
[Date "2013.01.12"]
[Round "3.27"]
[White "Birtwistle, Nigel"]
[Black "Taylor, Dale C"]
[Result "1-0"]
[WhiteElo "2148"]
[BlackElo "1936"]
[PlyCount "81"]
[EventDate "2013.01.12"]
[WhiteTeam "Pandora's Box Grantham"]
[BlackTeam "e2e4.org.uk 2"]

1. e4 c5 2. c3 e6 3. Nf3 d5 4. exd5 exd5 5. d4 Nc6 6. Bb5 Bd6 7. dxc5 Bxc5 8.
O-O Nge7 9. Nbd2 O-O 10. Nb3 Bb6 11. Nbd4 Qd6 12. Bg5 Bg4 13. Be2 Rfe8 14. Re1
a6 15. Bh4 Nf5 16. Nxf5 Bxf5 17. Bg3 Qd7 18. Qb3 Ba7 19. Rad1 Be4 20. Ng5 h6
21. Nxe4 Rxe4 22. Qxd5 Qxd5 23. Rxd5 Rae8 24. Kf1 Ne7 25. Re5 Rxe5 26. Bxe5 Nf5
27. Bf4 g5 28. Bc1 Nd6 29. Bf3 Rxe1+ 30. Kxe1 f5 31. h4 f4 32. hxg5 hxg5 33. g3
fxg3 34. fxg3 b5 35. Bxg5 Nc4 36. Bd5+ Kg7 37. Bxc4 bxc4 38. Ke2 Kg6 39. Be3
Bb8 40. Kf3 Bd6 41. g4 1-0

[Event "4NCL Division 2a"]
[Site "De Vere, Staverton Park ENG"]
[Date "2013.01.12"]
[Round "3.28"]
[White "Truman, Richard G"]
[Black "Wells, Daniel J"]
[Result "1/2-1/2"]
[WhiteElo "1935"]
[BlackElo "2022"]
[PlyCount "47"]
[EventDate "2013.01.12"]
[WhiteTeam "e2e4.org.uk 2"]
[BlackTeam "Pandora's Box Grantham"]

1. d4 Nf6 2. c4 g6 3. Nc3 Bg7 4. e4 d6 5. f3 O-O 6. Be3 c5 7. Nge2 Nc6 8. d5
Ne5 9. Ng3 e6 10. Be2 exd5 11. cxd5 Rb8 12. Qd2 Re8 13. O-O a6 14. Bh6 Bh8 15.
h3 b5 16. Rae1 Ned7 17. Kh1 Nb6 18. Bd3 b4 19. Nd1 c4 20. Bb1 Na4 21. f4 Nd7
22. e5 dxe5 23. f5 Nf8 24. Qf2 1/2-1/2

[Event "4NCL Division 2a"]
[Site "De Vere, Staverton Park ENG"]
[Date "2013.01.12"]
[Round "3.31"]
[White "Rutter, Nick J"]
[Black "Swanson, Stephen"]
[Result "0-1"]
[WhiteElo "2193"]
[BlackElo "2253"]
[PlyCount "79"]
[EventDate "2013.01.12"]
[WhiteTeam "Wessex"]
[BlackTeam "Poisoned Pawns"]

1. e4 d6 2. d4 Nf6 3. Nc3 e5 4. dxe5 dxe5 5. Qxd8+ Kxd8 6. g3 c6 7. f4 Nbd7 8.
Nf3 Bd6 9. Be3 exf4 10. gxf4 Bc5 11. Bxc5 Nxc5 12. e5 Nh5 13. Ng5 Ke7 14. Bc4
h6 15. Nxf7 Rf8 16. Nd6 Nxf4 17. b4 Ng2+ 18. Kd2 Rf2+ 19. Be2 Ne6 20. Nce4 Rf4
21. a4 Bd7 22. Rhg1 Nh4 23. Rab1 Raf8 24. Rg3 g5 25. Re3 b6 26. a5 Nd4 27. Nf6
R8xf6 28. exf6+ Kxd6 29. Rd3 c5 30. c3 Bf5 31. cxd4 c4 32. Rc3 Bxb1 33. Rxc4
Be4 34. Rc8 Rxf6 35. Rd8+ Ke7 36. Rg8 Bd5 37. Rc8 Rf2 38. Ke3 Rxh2 39. Bg4 Ng2+
40. Kd3 0-1

[Event "4NCL Division 2a"]
[Site "De Vere, Staverton Park ENG"]
[Date "2013.01.12"]
[Round "3.32"]
[White "Byway, Paul V"]
[Black "Yeo, Michael J"]
[Result "1/2-1/2"]
[WhiteElo "2157"]
[BlackElo "2155"]
[PlyCount "81"]
[EventDate "2013.01.12"]
[WhiteTeam "Poisoned Pawns"]
[BlackTeam "Wessex"]

1. Nf3 Nc6 2. d4 d5 3. Bf4 Bg4 4. e3 e6 5. Be2 Bd6 6. Bg3 Nf6 7. Nbd2 O-O 8.
O-O Bxg3 9. hxg3 Qd6 10. c4 Rad8 11. cxd5 exd5 12. a3 Rfe8 13. Bb5 Ne4 14. Qc2
Nxd2 15. Nxd2 Qh6 16. Bxc6 bxc6 17. Rfe1 Rd6 18. e4 Rde6 19. f3 Bf5 20. Kf2
dxe4 21. fxe4 Bg4 22. Qc3 Rf6+ 23. Kg1 Qh5 24. Re3 Rh6 25. Rae1 Qh2+ 26. Kf2
Rf6+ 27. Nf3 Ree6 28. e5 Rf5 29. Qd3 Qh5 30. Kg1 Bxf3 31. Rxf3 Rxf3 32. Qxf3
Qg5 33. Rf1 Qe7 34. Qb3 Qd8 35. Rf4 g5 36. Re4 Qd5 37. Qxd5 cxd5 38. Re2 Rc6
39. Kf2 Kg7 40. Ke3 Kg6 41. Kd3 1/2-1/2

[Event "4NCL Division 2a"]
[Site "De Vere, Staverton Park ENG"]
[Date "2013.01.12"]
[Round "3.33"]
[White "Simons, Martin J"]
[Black "Goodger, Martyn"]
[Result "1/2-1/2"]
[WhiteElo "2158"]
[BlackElo "2086"]
[PlyCount "43"]
[EventDate "2013.01.12"]
[WhiteTeam "Wessex"]
[BlackTeam "Poisoned Pawns"]

1. Nc3 d5 2. d4 f5 3. e4 dxe4 4. Bf4 Nf6 5. f3 c6 6. fxe4 fxe4 7. Nge2 Bf5 8.
Ng3 Bg6 9. Bc4 Nbd7 10. Be6 Nb6 11. O-O Nbd5 12. Ncxe4 Nxf4 13. Rxf4 Nd5 14.
Rf2 Nc7 15. Bh3 e6 16. Qg4 Be7 17. Rd1 Rf8 18. Rxf8+ Kxf8 19. c3 Kg8 20. Nc5
Bxc5 21. dxc5 Qe7 22. Qd4 1/2-1/2

[Event "4NCL Division 2a"]
[Site "De Vere, Staverton Park ENG"]
[Date "2013.01.12"]
[Round "3.34"]
[White "McEwan, Ken B"]
[Black "Pleasants, Allan J"]
[Result "0-1"]
[WhiteElo "2100"]
[BlackElo "2073"]
[PlyCount "68"]
[EventDate "2013.01.12"]
[WhiteTeam "Poisoned Pawns"]
[BlackTeam "Wessex"]

1. d4 d6 2. g3 e5 3. c3 e4 4. d5 f5 5. Bg2 Nf6 6. h4 Be7 7. Nh3 Nbd7 8. Be3 Ne5
9. Na3 c6 10. Nf4 O-O 11. Qb3 Kh8 12. dxc6 bxc6 13. Bd4 Qc7 14. Bxe5 dxe5 15.
Ne6 Bxe6 16. Qxe6 Bxa3 17. bxa3 Nd5 18. c4 Rae8 19. cxd5 Rxe6 20. dxe6 Qe7 21.
O-O Qxe6 22. Rfc1 f4 23. Kh2 Qg4 24. Rxc6 g5 25. hxg5 Qxe2 26. Rf1 fxg3+ 27.
Kxg3 Qh5 28. g6 Qg5+ 29. Kh2 hxg6 30. Rh1 Kg8 31. Kg1 Qf5 32. Rh3 Qxf2+ 33. Kh2
Kg7 34. Rg3 Rh8+ 0-1

[Event "4NCL Division 2a"]
[Site "De Vere, Staverton Park ENG"]
[Date "2013.01.12"]
[Round "3.35"]
[White "Jenks, C Bruce"]
[Black "Rosen, Daniel B"]
[Result "1-0"]
[WhiteElo "2135"]
[BlackElo "2085"]
[PlyCount "89"]
[EventDate "2013.01.12"]
[WhiteTeam "Wessex"]
[BlackTeam "Poisoned Pawns"]

1. Nf3 d6 2. d4 g6 3. e4 Bg7 4. Be3 Nc6 5. Nc3 Bg4 6. Be2 Nf6 7. Qd2 a6 8. Rd1
Bxf3 9. Bxf3 e5 10. d5 Nb8 11. g4 h5 12. g5 Ng8 13. h4 Ne7 14. Bg2 Nd7 15. O-O
O-O 16. Bh3 Kh7 17. Ne2 f5 18. gxf6 Bxf6 19. Bg5 Ng8 20. f4 exf4 21. Qxf4 Ne5
22. Nd4 Bxg5 23. Qxg5 Rf6 24. Ne6 Qe7 25. Rxf6 Qxf6 26. Qxf6 Nxf6 27. Nxc7 Rb8
28. Ne6 Nxe4 29. Rf1 Nd2 30. Ng5+ Kg7 31. Rf2 Ndc4 32. b3 Ne3 33. c4 b5 34. Re2
Nd1 35. c5 Nc3 36. Rxe5 dxe5 37. d6 Ne2+ 38. Kf2 Nd4 39. Ne6+ Nxe6 40. Bxe6 Kf6
41. Bh3 Rd8 42. Ke3 g5 43. hxg5+ Kxg5 44. Ke4 Kf6 45. Kd5 1-0

[Event "4NCL Division 2a"]
[Site "De Vere, Staverton Park ENG"]
[Date "2013.01.12"]
[Round "3.36"]
[White "McCorry, Robert T"]
[Black "Gregory, Keith DF"]
[Result "0-1"]
[WhiteElo "2038"]
[BlackElo "2047"]
[PlyCount "174"]
[EventDate "2013.01.12"]
[WhiteTeam "Poisoned Pawns"]
[BlackTeam "Wessex"]

1. e4 d6 2. d4 Nf6 3. Nc3 Nbd7 4. Nf3 e5 5. Bc4 Be7 6. O-O c6 7. a4 h6 8. Re1
Qc7 9. h3 g5 10. Be3 Rg8 11. Qd2 Nf8 12. dxe5 dxe5 13. Qd3 Ne6 14. a5 Nf4 15.
Bxf4 gxf4 16. Nh4 Bb4 17. a6 b6 18. Nf5 Bxf5 19. exf5 Rd8 20. Qf3 Kf8 21. Red1
Kg7 22. Ne4 Be7 23. Nxf6 Bxf6 24. Qg4+ Kh7 25. Qh5 Kg7 26. Rxd8 Rxd8 27. Rd1
Rd7 28. c3 b5 29. Bb3 Qd8 30. Qg4+ Kh7 31. Rxd7 Qxd7 32. Qe2 Kg7 33. Bc2 Qc8
34. Be4 Qxa6 35. Qd2 Qc8 36. Qd6 c5 37. b4 cxb4 38. cxb4 Qc1+ 39. Kh2 Qe1 40.
f3 Qg3+ 41. Kh1 Qe1+ 42. Kh2 Qc3 43. Bd5 Qc8 44. Bc6 Qd8 45. Qc5 Qd4 46. Bxb5
Bh4 47. Qc4 Bg3+ 48. Kh1 Qd1+ 49. Qf1 Qe1 50. Bd3 Qxb4 51. Qa1 Qc5 52. Qa6 Bh4
53. Kh2 Qd4 54. Bc4 Qc5 55. Bd3 Qb6 56. Qc4 Qd4 57. Qa6 Bd8 58. Qc4 Qxc4 59.
Bxc4 Bb6 60. g3 fxg3+ 61. Kxg3 Be3 62. Kg2 a5 63. Kf1 a4 64. Ke2 Bf4 65. Kd3 f6
66. Kc2 Be3 67. Bb5 a3 68. Bc4 Bc5 69. Kd3 Bd6 70. Ke4 Kf8 71. Kd5 Ke7 72. Ba2
Bb4 73. Ke4 Bd2 74. Kd5 Bc3 75. Kc6 Kf8 76. Kd7 Kg7 77. Ke6 h5 78. Bb3 Kh6 79.
h4 Kg7 80. Kd5 Be1 81. Ke4 Bxh4 82. f4 exf4 83. Kxf4 Bg5+ 84. Kf3 Kf8 85. Ke4
Ke7 86. Kd5 h4 87. Ke4 Kd6 0-1

[Event "4NCL Division 2a"]
[Site "De Vere, Staverton Park ENG"]
[Date "2013.01.12"]
[Round "3.37"]
[White "de Coverly, Roger D"]
[Black "McMahon, Paul"]
[Result "1-0"]
[WhiteElo "2019"]
[BlackElo "1992"]
[PlyCount "80"]
[EventDate "2013.01.12"]
[WhiteTeam "Wessex"]
[BlackTeam "Poisoned Pawns"]

1. b3 e5 2. Bb2 Nc6 3. c4 Nf6 4. e3 d6 5. g3 Bf5 6. d3 Qd7 7. Bg2 Nb4 8. e4 Bg4
9. f3 Be6 10. a3 Nc6 11. Ne2 a5 12. O-O Be7 13. d4 exd4 14. Nxd4 Nxd4 15. Bxd4
a4 16. Nd2 axb3 17. Qxb3 O-O 18. f4 Qa4 19. Rfb1 Rfb8 20. f5 Bd7 21. h3 Bc6 22.
Qxa4 Bxa4 23. e5 Nd7 24. Bxb7 Ra5 25. e6 fxe6 26. fxe6 Nf8 27. Bd5 Rxb1+ 28.
Rxb1 c6 29. Rb7 cxd5 30. Rxe7 Ng6 31. Rxg7+ Kf8 32. Rxh7 Be8 33. Bf6 Bc6 34.
Rc7 Be8 35. cxd5 Rxd5 36. Nf3 Rf5 37. Bg7+ Kg8 38. Nd4 Rd5 39. Bf6 Nf8 40. Rg7+
Kh8 1-0

[Event "4NCL Division 2a"]
[Site "De Vere, Staverton Park ENG"]
[Date "2013.01.12"]
[Round "3.38"]
[White "Redman, David J"]
[Black "Reid, Vaness"]
[Result "1/2-1/2"]
[WhiteElo "1818"]
[BlackElo "1844"]
[PlyCount "74"]
[EventDate "2013.01.12"]
[WhiteTeam "Poisoned Pawns"]
[BlackTeam "Wessex"]

1. d4 d5 2. c4 c6 3. Nf3 Nf6 4. Nc3 a6 5. Bf4 b5 6. c5 Bf5 7. b4 Nbd7 8. h3 e6
9. g4 Bg6 10. Bg2 Ne4 11. Qc1 Be7 12. O-O O-O 13. Ne5 Nxc3 14. Qxc3 Nxe5 15.
Bxe5 Qd7 16. f3 Rfe8 17. e4 Rad8 18. Rad1 f6 19. Bg3 Bf7 20. Qc2 Qc8 21. f4 Bf8
22. Bh4 Rd7 23. e5 fxe5 24. dxe5 g6 25. Bg3 Ra7 26. f5 gxf5 27. gxf5 exf5 28.
Qxf5 Be6 29. Qh5 Rg7 30. Kh2 Bf7 31. Qf3 Re6 32. Bh4 Be7 33. Bxe7 Rxe7 34. Rd4
Rxe5 35. Rg4 Bg6 36. Qg3 Re8 37. Rf6 Rf8 1/2-1/2

[Event "4NCL Division 2a"]
[Site "De Vere, Staverton Park ENG"]
[Date "2013.01.12"]
[Round "3.41"]
[White "Player, Edmund C"]
[Black "Jones, Richard S"]
[Result "0-1"]
[WhiteElo "2248"]
[BlackElo "2393"]
[PlyCount "80"]
[EventDate "2013.01.12"]
[WhiteTeam "Anglian Avengers 1"]
[BlackTeam "Rhyfelwyr Essyllwg 1"]

1. e4 e5 2. Nc3 Nf6 3. Nf3 Nc6 4. g3 Bc5 5. Bg2 d6 6. d3 a6 7. O-O O-O 8. Bg5
h6 9. Be3 Bxe3 10. fxe3 Ne7 11. Nh4 Bg4 12. Qd2 Qd7 13. Qf2 c6 14. d4 Rad8 15.
Nf5 Bxf5 16. exf5 Qc7 17. Nd1 Rfe8 18. c3 c5 19. Rc1 b5 20. Qd2 Qa7 21. Kh1 Rc8
22. d5 e4 23. Nf2 Nexd5 24. Nxe4 Qe7 25. Nxf6+ Nxf6 26. Rce1 d5 27. Rf4 Rcd8
28. Qf2 Qe5 29. g4 d4 30. cxd4 cxd4 31. e4 Nd5 32. Rf3 Ne3 33. Rg3 Rc8 34. g5
hxg5 35. Rxg5 Rc2 36. Qh4 Nxg2 37. Rxg2 Rxg2 38. Kxg2 d3 39. Qf2 Rc8 40. Rd1
Rc2 0-1

[Event "4NCL Division 2a"]
[Site "De Vere, Staverton Park ENG"]
[Date "2013.01.12"]
[Round "3.42"]
[White "Kett, Timothy J"]
[Black "Talsma, Paul A"]
[Result "1-0"]
[WhiteElo "2220"]
[BlackElo "2229"]
[PlyCount "89"]
[EventDate "2013.01.12"]
[WhiteTeam "Rhyfelwyr Essyllwg 1"]
[BlackTeam "Anglian Avengers 1"]

1. e4 e5 2. Nf3 Nc6 3. d4 exd4 4. Bc4 Nf6 5. e5 Ng4 6. Qe2 Qe7 7. Bg5 f6 8.
exf6 Nxf6 9. Nbd2 d6 10. O-O-O Qxe2 11. Bxe2 Be7 12. Nb3 Bd7 13. Nbxd4 Nxd4 14.
Nxd4 O-O-O 15. Rhe1 Rde8 16. Bc4 h6 17. Bh4 g5 18. Bg3 d5 19. Bd3 Bd8 20. Bg6
Rxe1 21. Rxe1 Rg8 22. Bf5 Nh5 23. Be5 Rf8 24. g4 Nf6 25. h3 h5 26. Ne6 Bxe6 27.
Bxe6+ Kb8 28. Bxf6 Rxf6 29. gxh5 c6 30. Bg4 Kc7 31. f3 Rd6 32. Re8 c5 33. Rh8
Bf6 34. Rh7+ Kc6 35. a4 a6 36. Bc8 b5 37. a5 c4 38. c3 b4 39. cxb4 Kb5 40. Rb7+
Ka4 41. Kc2 d4 42. Bd7+ Rxd7 43. Rxd7 d3+ 44. Kd2 Bxb2 45. b5 1-0

[Event "4NCL Division 2a"]
[Site "De Vere, Staverton Park ENG"]
[Date "2013.01.12"]
[Round "3.43"]
[White "Lindner, Daniel"]
[Black "Brown, Tom"]
[Result "1-0"]
[WhiteElo "2202"]
[BlackElo "2083"]
[PlyCount "69"]
[EventDate "2013.01.12"]
[WhiteTeam "Anglian Avengers 1"]
[BlackTeam "Rhyfelwyr Essyllwg 1"]

1. c4 e5 2. g3 c6 3. d4 e4 4. Bg2 d5 5. Nc3 f5 6. h4 Be6 7. cxd5 cxd5 8. Nh3
Nc6 9. Bg5 Qd7 10. Nf4 Bf7 11. h5 Bb4 12. Rc1 Rc8 13. O-O g6 14. e3 Bxc3 15.
hxg6 hxg6 16. Rxc3 Nh6 17. Bf6 Rh7 18. Nh3 Ng4 19. Bg5 Nd8 20. Rxc8 Qxc8 21.
Bxd8 Qxd8 22. Qa4+ Kf8 23. Qxa7 Kg7 24. Qc5 Qh8 25. Qe7 Rxh3 26. Bxh3 Qxh3 27.
Qh4 Qxh4 28. gxh4 Be8 29. Rc1 Bc6 30. b4 Kh6 31. Rc5 Nf6 32. b5 Bd7 33. a4 b6
34. Rc7 Kh5 35. Rb7 1-0

[Event "4NCL Division 2a"]
[Site "De Vere, Staverton Park ENG"]
[Date "2013.01.12"]
[Round "3.44"]
[White "Hewitt, William"]
[Black "Munson, Shaun D"]
[Result "1/2-1/2"]
[WhiteElo "2067"]
[BlackElo "2177"]
[PlyCount "125"]
[EventDate "2013.01.12"]
[WhiteTeam "Rhyfelwyr Essyllwg 1"]
[BlackTeam "Anglian Avengers 1"]

1. e4 c5 2. Nf3 Nc6 3. Nc3 e5 4. Bc4 d6 5. O-O Be6 6. Bxe6 fxe6 7. d3 Nf6 8.
Nd2 Be7 9. f4 exf4 10. Rxf4 O-O 11. Rf1 Qd7 12. Nf3 Ng4 13. h3 Nge5 14. Nxe5
Rxf1+ 15. Qxf1 dxe5 16. Be3 Nd4 17. Qd1 b5 18. a4 b4 19. Ne2 Rb8 20. b3 Rf8 21.
Qd2 Bh4 22. Rf1 Rxf1+ 23. Kxf1 Qf7+ 24. Kg1 Qh5 25. Nxd4 cxd4 26. Bf2 Be7 27.
Kf1 a5 28. Qe2 Qh6 29. Kg1 Qc1+ 30. Kh2 Bg5 31. g3 g6 32. Kg2 h5 33. h4 Bh6 34.
Kh2 Kg7 35. Kg2 Bd2 36. g4 hxg4 37. Qxg4 Kf6 38. Qf3+ Bf4 39. Qe2 Ke7 40. Be1
Kd6 41. Kh3 Qe3+ 42. Qxe3 dxe3 43. Kg4 Kc5 44. Kf3 Kd4 45. Ke2 Bh2 46. Kf1 Bf4
47. Ke2 Bh2 48. Kf1 Kc5 49. Kg2 Bf4 50. Kf3 Bh6 51. Ke2 Kd4 52. Kf3 Bf8 53. Ke2
Be7 54. Kd1 Bd8 55. Ke2 Bb6 56. Kf3 Bd8 57. Ke2 g5 58. hxg5 Bxg5 59. Kf3 Bf4
60. Ke2 Bh2 61. Kf1 Kc5 62. Ke2 Bf4 63. Kf3 1/2-1/2

[Event "4NCL Division 2a"]
[Site "De Vere, Staverton Park ENG"]
[Date "2013.01.12"]
[Round "3.45"]
[White "Gray, Mark S"]
[Black "Trevelyan, John"]
[Result "1-0"]
[WhiteElo "2074"]
[BlackElo "2129"]
[PlyCount "131"]
[EventDate "2013.01.12"]
[WhiteTeam "Anglian Avengers 1"]
[BlackTeam "Rhyfelwyr Essyllwg 1"]

1. e4 d6 2. d4 e5 3. Nf3 Nf6 4. dxe5 Nxe4 5. Bc4 c6 6. exd6 Bxd6 7. O-O O-O 8.
Re1 Nf6 9. Bg5 h6 10. Bh4 g5 11. Bg3 Bxg3 12. hxg3 Qxd1 13. Rxd1 Nbd7 14. Nc3
Nb6 15. Bb3 Bg4 16. Rd6 Kg7 17. Ne5 Bh5 18. f3 Rad8 19. Rad1 Rxd6 20. Rxd6 Re8
21. f4 Re7 22. Rd8 Bg6 23. a4 a5 24. Rb8 Nh5 25. Nxc6 bxc6 26. Rxb6 gxf4 27.
gxf4 Nxf4 28. Rxc6 Ne2+ 29. Kf2 Nd4 30. Rc5 Ra7 31. Nd5 Be4 32. Ne3 f5 33. Bd5
Kf6 34. c3 Ne6 35. Bxe6 Kxe6 36. Nc4 Bc2 37. Re5+ Kd7 38. Nxa5 Bxa4 39. b3 Bxb3
40. Nxb3 Ra3 41. Nc5+ Kc6 42. Rxf5 Rxc3 43. Ne4 Rc2+ 44. Kf3 Kd7 45. Rf6 Ke7
46. Rxh6 Kf7 47. g4 Kg7 48. g5 Rc1 49. Rh3 Kg6 50. Kf4 Rf1+ 51. Ke5 Rf5+ 52.
Ke6 Ra5 53. Rd3 Ra1 54. Ke5 Rf1 55. Rd6+ Kg7 56. Ng3 Rg1 57. Nh5+ Kh7 58. Rh6+
Kg8 59. Kf5 Kf7 60. Rh7+ Kg8 61. Rd7 Kf8 62. Kg6 Rg2 63. Rf7+ Ke8 64. Nf6+ Kd8
65. Rd7+ Kc8 66. Rd4 1-0

[Event "4NCL Division 2a"]
[Site "De Vere, Staverton Park ENG"]
[Date "2013.01.12"]
[Round "3.46"]
[White "Spice, Alan P"]
[Black "Myall, Ivan J"]
[Result "1/2-1/2"]
[WhiteElo "2099"]
[BlackElo "2082"]
[PlyCount "105"]
[EventDate "2013.01.12"]
[WhiteTeam "Rhyfelwyr Essyllwg 1"]
[BlackTeam "Anglian Avengers 1"]

1. Nc3 d5 2. e4 d4 3. Nce2 e5 4. Ng3 Be6 5. c3 c5 6. Nf3 f6 7. Bb5+ Nd7 8. Qe2
a6 9. Bc4 Qb6 10. a4 Ne7 11. Bxe6 Qxe6 12. d3 g6 13. Bd2 Nc6 14. O-O Bg7 15.
cxd4 cxd4 16. b4 O-O 17. b5 Ne7 18. Bb4 a5 19. Ba3 Rfc8 20. Qa2 Qxa2 21. Rxa2
Kf7 22. Ne2 Bh6 23. Rd1 Ke6 24. g4 Rc7 25. h4 Bg7 26. Kg2 Rac8 27. Rh1 h6 28.
h5 g5 29. Rb1 b6 30. Kf1 Kf7 31. Ke1 Rc2 32. Rbb2 Rxb2 33. Rxb2 Bf8 34. Kd1 Ng8
35. Rb3 Bxa3 36. Rxa3 Ne7 37. Nd2 Ke6 38. Nc4 Rc7 39. Kd2 Nc8 40. Nc1 Nc5 41.
f3 Nb7 42. Nb3 Nbd6 43. Nb2 Rc3 44. Nd1 Rc7 45. Ra2 Nb7 46. Rc2 Rxc2+ 47. Kxc2
Kd6 48. Nb2 Kd7 49. Nc4 Kc7 50. Ncd2 Nd8 51. Nf1 Ne6 52. Ng3 Ne7 53. Ne2
1/2-1/2